Statistics for Historical Timeline of Sweden

Click here to take the quiz!

General Stats

  • This quiz has been taken 183 times
  • The average score is 6 of 6

Answer Stats

YearHintAnswer% Correct
970Kingdom of S_____Kingdom of Sweden
99%
1523Kingdom of S_____Kingdom of Sweden
99%
1905Kingdom of S_____Kingdom of Sweden
99%
1814Union of S_____ & N_____Union of Sweden & Norway
95%
1397K_____ UnionKalmar Union
89%
793V______Vikings
81%

Score Distribution

Percentile by Number Answered

Percent of People with Each Score

Your Score History

You have not taken this quiz